Motivácia a jej vplyv na výkonnosť zamestnancov diplomová práca

Uložené v:
Podrobná bibliografia
Hlavný autor: Švec, Branislav
Korporativný autor: Podnikovohospodárska fakulta EU so sídlom v Košiciach. Katedra manažmentu
Ďalší autori: Bašistová, Alena
Médium: Kniha
Jazyk:Slovak
Vydavateľské údaje: Košice 2010
Tagy: Pridať tag
Žiadne tagy, Buďte prvý, kto otaguje tento záznam!

MARC

LEADER 00000nam$a2200000$$$4500
001 0122641
005 20240318122743.0
041 0 |a slo 
044 |a SK 
245 1 0 |a Motivácia a jej vplyv na výkonnosť zamestnancov  |b diplomová práca  |c Branislav Švec ; škol. Alena Bašistová 
264 1 |a Košice  |c 2010 
300 |a 74 s. 
100 1 |a Švec, Branislav 
700 1 |a Bašistová, Alena 
710 2 |a Podnikovohospodárska fakulta EU so sídlom v Košiciach. Katedra manažmentu